Geography Quiz

Random Geography or Asia Quiz

'Stan' Countries by Outlines Quiz Stats

 Plays Quiz Updated Jul 9, 2019

Score 0/7 Timer 00:30
2 Plays Today
% Correct
Kazakhstan
88.2%
Afghanistan
86.1%
Pakistan
75.6%
Tajikistan
71.8%
Kyrgyzstan
60.8%
Turkmenistan
53.7%
Uzbekistan
51.6%

You're not logged in!

Compare scores with friends on all Sporcle quizzes.
OR
Log In

Sporcle TV

Today on Sporcle TV


Watch our educational content, quiz creation guides, and fun videos on Sporcle TV.

Show Comments

Extras

Top Quizzes Today


Score Distribution

Your Account Isn't Verified!

In order to create a playlist on Sporcle, you need to verify the email address you used during registration. Go to your Sporcle Settings to finish the process.

Report this User

Report this user for behavior that violates our Community Guidelines.

Details: